书目信息 |
| 题名: |
历史资料选编
|
|
| 作者: | 重庆建筑工程学院马列主义教研室 编 | |
| 分册: | 1 中国共产党"一大"史料专辑 | |
| 出版信息: |
|
|
| 页数: | 150页 | |
| 开本: | 19cm | |
| 丛书名: | ||
| 单 册: | ||
| 中图分类: | D22 | |
| 科图分类: | ||
| 主题词: | 中国共产党 | |
| 电子资源: | ||
| ISBN: | ||
| 000 | 00696nam0 2200169 450 | |
| 001 | 0652609015 | |
| 005 | 20060719143849.32 | |
| 100 | @a20060719d km y0chiy0120 ea | |
| 101 | 0 | @achi |
| 200 | 1 | @a历史资料选编@h1@Ali shi zi liao xuan bian@f重庆建筑工程学院马列主义教研室编@Fchong qing jian zhu gong cheng xue yuan ma lie zhu yi jiao yan shi bian@i中国共产党"一大"史料专辑 |
| 215 | @a150页@d19cm | |
| 517 | 1 | @a中国共产党"一大"史料专辑@Azhong guo gong chan dang"yi da"shi liao zhuan ji |
| 606 | 0 | @a中国共产党 |
| 690 | @aD22@v3 | |
| 701 | 0 | @a重庆建筑工程学院马列主义教研室@Achong qing jian zhu gong cheng xue yuan ma lie zhu yi jiao yan shi@4编 |
| 801 | 0 | @aCN@bPFT@c20060719 |
| 905 | @a10447@dD22@e76 | |
| 历史资料选编.1/重庆建筑工程学院马列主义教研室编.中国共产党"一大"史料专辑 |
| 150页;19cm |
| ISBN : |
| ● |
| 相关链接 |
|
|
|
|
正题名:历史资料选编
索取号:D22/76
 
预约/预借
| 序号 | 登录号 | 条形码 | 馆藏地/架位号 | 状态 | 备注 |
| 1 | 0424361 | 204243611 | 密集书库/ [索取号:D22/76] | 在馆 | |
| 2 | 0424365 | 204243657 | 密集书库/ [索取号:D22/76] | 在馆 |